April house prices up by 2.1% (Record no. 117273)
[ view plain ]
| 000 -LEADER | |
|---|---|
| fixed length control field | 01082cam a2200229 4500 |
| 001 - CONTROL NUMBER | |
| control field | WB4016-10 |
| 008 - FIXED-LENGTH DATA ELEMENTS--GENERAL INFORMATION | |
| fixed length control field | 040429n2004 000 0 eng u |
| 035 ## - SYSTEM CONTROL NUMBER | |
| System control number | (Sirsi) u126060 |
| 245 ## - TITLE STATEMENT | |
| Title | April house prices up by 2.1% |
| 260 ## - PUBLICATION, DISTRIBUTION, ETC. | |
| Date of publication, distribution, etc. | 2004 |
| 490 ## - SERIES STATEMENT | |
| Series statement | Nationwide Press Release |
| Volume/sequential designation | 29 April 2004 (4) |
| 520 ## - SUMMARY, ETC. | |
| Summary, etc. | House prices rose by a seasonally adjusted 2.1% in April according to the latest "Nationwide monthly review" with the annual rate of house price inflation reaching 18.9%, the highest level since June 2003. The average house price is now £145 918, indicating a price rise of more than £100 per day. The price increase forecast for 2004 is 15%. The review sees the high real debt burden slowing the market over the medium-term. http://www.nationwide.co.uk/hpi/historical/MPR0404 .pdf |
| 590 ## - LOCAL NOTE (RLIN) | |
| Local note | WB |
| 590 ## - LOCAL NOTE (RLIN) | |
| Local note | WB |
| 650 ## - SUBJECT ADDED ENTRY--TOPICAL TERM | |
| Topical term or geographic name entry element | NATIONWIDE BUILDING SOCIETY |
| 650 ## - SUBJECT ADDED ENTRY--TOPICAL TERM | |
| Topical term or geographic name entry element | HOUSE PRICE SURVEYS |
| 650 ## - SUBJECT ADDED ENTRY--TOPICAL TERM | |
| Topical term or geographic name entry element | HOUSING MARKET FORECASTS |
| 650 ## - SUBJECT ADDED ENTRY--TOPICAL TERM | |
| Topical term or geographic name entry element | HOUSING MARKET SURVEYS |
| 650 ## - SUBJECT ADDED ENTRY--TOPICAL TERM | |
| Topical term or geographic name entry element | HOUSE PRICE INFLATION |
| 690 ## - LOCAL SUBJECT ADDED ENTRY--TOPICAL TERM (OCLC, RLIN) | |
| Topical term or geographic name as entry element | HOUSING-HOUSE PRICES |
| 942 ## - ADDED ENTRY ELEMENTS (KOHA) | |
| Suppress in OPAC | 0 |
| Withdrawn status | Lost status | Source of classification or shelving scheme | Damaged status | Not for loan | Home library | Current library | Shelving location | Date acquired | Total Checkouts | Full call number | Barcode | Date last seen | Copy number | Price effective from | Koha item type |
|---|---|---|---|---|---|---|---|---|---|---|---|---|---|---|---|
| Dewey Decimal Classification | London | London | News article | 29/04/2004 | WB4016-10 | 126060-1001 | 06/08/2019 | 1 | 06/08/2019 | News article |